[Event "Budapest FS07 FM"]
[Site "Budapest"]
[Date "2018.07.17"]
[Round "9"]
[White "Baktiar, Hamd Mohammed"]
[Black "Forgacs, Attila Jr"]
[Result "0-1"]
[WhiteElo "1881"]
[BlackElo "1911"]
[PlyCount "68"]
[EventDate "2018.07.07"]
[EventType "tourn"]
[EventRounds "9"]
[EventCountry "HUN"]
[SourceTitle "CBM 185 Extra"]
[Source "ChessBase"]
[SourceDate "2018.07.29"]
[SourceVersion "1"]
[SourceVersionDate "2018.07.29"]
[SourceQuality "1"]

1. Nf3 Nf6 2. c4 g6 3. Nc3 Bg7 4. g3 0-0 5. Bg2 d6 6. d4 Nbd7 7. 0-0 e5 8. e4 exd4 9. Nxd4 Re8 10. Bg5 h6 11. Bf4 a6 12. Qd2 Kh7 13. Rae1 Rb8 14. h3 Ne5 15. b3 c5 16. Nc2 b5 17. Rd1 bxc4 18. Bxe5 Rxe5 19. bxc4 Bb7 20. f3 Re6 21. h4 Nh5 22. Ne2 Be5 23. f4 Bg7 24. Qd3 Qe8 25. Nc3 Bxc3 26. Qxc3 Bxe4 27. Bxe4 Rxe4 28. Rxd6 Re2 29. Qd3 Rb2 30. f5 Rbxc2 31. fxg6+ fxg6 32. Rd7+ Ng7 33. Rb1 Re1+ 34. Rxe1 Qxe1+ 0-1

[Event "Budapest FS07 FM"]
[Site "Budapest"]
[Date "2018.07.10"]
[Round "4"]
[White "Hart, Alexander E"]
[Black "Baktiar, Hamd Mohammed"]
[Result "1-0"]
[WhiteElo "1967"]
[BlackElo "1881"]
[PlyCount "109"]
[EventDate "2018.07.07"]
[EventType "tourn"]
[EventRounds "9"]
[EventCountry "HUN"]
[SourceTitle "CBM 185 Extra"]
[Source "ChessBase"]
[SourceDate "2018.07.29"]
[SourceVersion "1"]
[SourceVersionDate "2018.07.29"]
[SourceQuality "1"]

1. c4 Nf6 2. d4 e6 3. Nf3 Bb4+ 4. Bd2 Bxd2+ 5. Qxd2 b6 6. Nc3 Bb7 7. g3 0-0 8. Bg2 d5 9. cxd5 Nxd5 10. 0-0 Nd7 11. Rfe1 N7f6 12. Ne5 Qc8 13. Rac1 Nxc3 14. Qxc3 Bxg2 15. Kxg2 Nd5 16. Qc6 Qa6 17. a3 Rac8 18. e4 Nf6 19. Rc4 Qa5 20. Re2 b5 21. Rb4 a6 22. Rc2 Qb6 23. f3 Rfd8 24. a4 Qa5 25. Qc5 Nd7 26. Nxd7 Rxd7 27. axb5 axb5 28. Rxb5 Qa1 29. Qc3 Qd1 30. Rd2 Qb1 31. Rc5 h6 32. Qc2 Qe1 33. Rc3 Qa1 34. Ra3 Qe1 35. Ra4 Rd6 36. Rc4 Rcd8 37. Qd1 Qe3 38. Rd3 Qg5 39. Rxc7 Rb8 40. Rc2 Rdb6 41. Qd2 Qb5 42. b3 Ra8 43. Rc5 Qa6 44. d5 exd5 45. Rcxd5 Kh7 46. h4 Qa1 47. Rc5 Qa3 48. Rcc3 Rab8 49. Qc2 Qa5 50. e5 g6 51. Rd7 Kg7 52. Rcc7 Qxe5 53. Rxf7+ Kg8 54. Rfe7 Qf5 55. Qc4+ 1-0

[Event "Budapest FS12 FM-A"]
[Site "Budapest"]
[Date "2015.12.14"]
[Round "9"]
[White "Baktiar, Hamd Mohammed"]
[Black "Gara, Gyorgy"]
[Result "0-1"]
[WhiteElo "1801"]
[BlackElo "2099"]
[PlyCount "114"]
[EventDate "2015.12.05"]
[EventType "tourn"]
[EventRounds "10"]
[EventCountry "HUN"]
[SourceTitle "EXT 2017"]
[Source "ChessBase"]
[SourceDate "2016.10.25"]
[SourceVersion "1"]
[SourceVersionDate "2016.10.25"]
[SourceQuality "1"]

1. Nf3 e6 2. g3 f5 3. Bg2 Nf6 4. 0-0 d6 5. d4 Be7 6. c4 0-0 7. Nc3 Qe8 8. Re1 Qg6 9. Nh4 Qf7 10. Qc2 Ne4 11. Nf3 Nxc3 12. Qxc3 Bf6 13. Bg5 Nc6 14. Bxf6 Qxf6 15. Rac1 e5 16. dxe5 dxe5 17. e3 Be6 18. Red1 Rae8 19. b4 e4 20. Qxf6 Rxf6 21. Nd4 Nxb4 22. Rb1 c5 23. Nxe6 Rfxe6 24. a3 Nd3 25. Rxd3 exd3 26. Bd5 Kf8 27. Bxe6 Rxe6 28. Rxb7 Ra6 29. Rb3 d2 30. Rd3 Rxa3 31. Rxd2 Ra1+ 32. Kg2 Ke7 33. Rd5 g6 34. Rxc5 Kd6 35. Rc8 a5 36. c5+ Kd7 37. Ra8 Kc6 38. Ra7 a4 39. Rxh7 Kxc5 40. Rg7 Rb1 41. Ra7 Rb4 42. Ra6 Kb5 43. Rxg6 a3 44. Rd6 a2 45. Rd1 Rb1 46. Rd5+ Kb4 47. Rd4+ Kb3 48. Rd3+ Kc4 49. Ra3 a1Q 50. Rxa1 Rxa1 51. h3 Kd5 52. Kf3 Ke5 53. g4 Rg1 54. gxf5 Kxf5 55. e4+ Ke5 56. h4 Rg8 57. Ke3 Rh8 0-1

[Event "Budapest FS08 FM-A"]
[Site "Budapest"]
[Date "2015.08.09"]
[Round "9"]
[White "Baktiar, Hamd Mohammed"]
[Black "Stein, Robert"]
[Result "0-1"]
[WhiteElo "1830"]
[BlackElo "1975"]
[PlyCount "88"]
[EventDate "2015.08.01"]
[EventType "tourn"]
[EventRounds "11"]
[EventCountry "HUN"]
[SourceTitle "CBM 167 Extra"]
[Source "ChessBase"]
[SourceDate "2015.09.14"]
[SourceVersion "1"]
[SourceVersionDate "2015.09.14"]
[SourceQuality "1"]

1. d4 Nf6 2. g3 g6 3. Bg2 d5 4. c4 Bg7 5. Nf3 0-0 6. cxd5 Nxd5 7. 0-0 Nc6 8. e4 Nb6 9. d5 Na5 10. Nc3 c6 11. Bf4 cxd5 12. exd5 Nac4 13. Qb3 Bd7 14. a4 a5 15. Nd2 Rc8 16. Nxc4 Rxc4 17. Rfc1 Rb4 18. Qc2 Bf5 19. Qe2 Qd7 20. Re1 Bf6 21. Be5 Nxa4 22. Nxa4 Rxa4 23. Rac1 Rb4 24. Rc7 Qd8 25. Rcc1 Qb6 26. Bxf6 exf6 27. Qe3 Qxe3 28. fxe3 Rxb2 29. e4 Bd7 30. Rc7 Rd8 31. e5 fxe5 32. Rxe5 a4 33. Re7 a3 34. Rexd7 Rxd7 35. Rxd7 a2 36. Rd8+ Kg7 37. Ra8 Rb1+ 38. Kf2 a1Q 39. Rxa1 Rxa1 40. Ke3 Kf6 41. Kd4 Ke7 42. Kc5 Rc1+ 43. Kb6 Kd6 44. h3 Rg1 0-1

[Event "Budapest FS08 FM-A"]
[Site "Budapest"]
[Date "2015.08.08"]
[Round "8"]
[White "Toth Katona, Tamas"]
[Black "Baktiar, Hamd Mohammed"]
[Result "1-0"]
[WhiteElo "2026"]
[BlackElo "1830"]
[PlyCount "93"]
[EventDate "2015.08.01"]
[EventType "tourn"]
[EventRounds "11"]
[EventCountry "HUN"]
[SourceTitle "CBM 167 Extra"]
[Source "ChessBase"]
[SourceDate "2015.09.14"]
[SourceVersion "1"]
[SourceVersionDate "2015.09.14"]
[SourceQuality "1"]

1. e4 c5 2. Nc3 g6 3. g3 Bg7 4. Bg2 Nc6 5. d3 Nf6 6. Be3 d6 7. h3 Bd7 8. Qd2 Rb8 9. f4 b5 10. Nf3 b4 11. Ne2 Nh5 12. c3 bxc3 13. bxc3 Qa5 14. Rc1 0-0 15. g4 Nf6 16. 0-0 Rb7 17. Ng3 Rfb8 18. Rc2 Qa3 19. Qd1 Ne8 20. Bc1 Qa6 21. e5 Na5 22. Rcf2 Bc6 23. Ng5 Bxg2 24. Kxg2 Qc6+ 25. Kg1 h6 26. Nf3 d5 27. f5 g5 28. Nh5 f6 29. e6 Nd6 30. h4 c4 31. hxg5 fxg5 32. Nxg7 Kxg7 33. Bxg5 hxg5 34. Qd2 Rg8 35. Ne5 Qc5 36. Nd7 Rxd7 37. exd7 Kf6 38. Re1 Nc6 39. d4 Qb6 40. Re6+ Kf7 41. Rxd6 exd6 42. Qe1 Nd8 43. Re2 Rg7 44. Re8 Kf6 45. Rxd8 Re7 46. Rf8+ Rf7 47. Qe6+ 1-0